|
|
|
|
| LEADER |
00000nam0a2200000 4500 |
| 001 |
339888 |
| 005 |
20231102005203.0 |
| 035 |
|
|
|a (RuTPU)RU\TPU\book\366432
|
| 090 |
|
|
|a 339888
|
| 100 |
|
|
|a 20180201d1910 m y0rusy50 ca
|
| 101 |
1 |
|
|a rus
|c fre
|
| 102 |
|
|
|a RU
|
| 105 |
|
|
|a a z 000zy
|
| 200 |
1 |
|
|a Человек-птица
|e аэропланы
|e пер. с фр.
|f Л. Маршис
|g пер. инж. В. Коца
|
| 210 |
|
|
|a Санкт-Петербург
|c Типо-литография "Энергия"
|d 1910
|
| 215 |
|
|
|a 68 с.
|c ил., черт.
|
| 606 |
|
|
|a Воздухоплавание
|2 stltpush
|3 (RuTPU)RU\TPU\subj\3380
|9 31805
|
| 610 |
1 |
|
|a аэропланы
|
| 610 |
1 |
|
|a авиация
|
| 610 |
1 |
|
|a монопланы
|
| 610 |
1 |
|
|a бипланы
|
| 675 |
|
|
|a 629.73
|v 4
|
| 700 |
|
1 |
|a Маршис
|b Л.
|
| 702 |
|
1 |
|a Коц
|b В.
|4 730
|
| 801 |
|
1 |
|a RU
|b 63413507
|c 20180201
|
| 942 |
|
|
|c BK
|